000 00613nam a2200253Ia 4500
008 181129s9999 xx 000 0 und d
020 _a9780786891344
050 _bA339 2009
100 _aAlbom, Mitch
245 0 _aHave a little faith :
245 2 _ba true story /
245 0 _cby Mitch Albom.
260 _aNew York, NY :
260 _bHachette Books,
260 _c2009
300 _a260 pages :
300 _billustrations ;
300 _c17cm.
650 _aCovington, Henry P.
650 _aFaith (Judaism).
650 _aLewis, Albert L.
650 _aReligion.
700 _aTitle.
999 _c360138
_d360138